| 000 | 01172nam a2200265Ia 4500 | ||
|---|---|---|---|
| 003 | OSt | ||
| 005 | 20220923211414.0 | ||
| 006 | a|||||r|||| 00| 0 | ||
| 007 | ta | ||
| 008 | 220922b |||||||| |||| 00| 0 urd d | ||
| 020 |
_a9788190820462 (hbk) _c195 |
||
| 024 | _a245,623 | ||
| 037 |
_bIN-01143, 16/02/2011, Kitab Ghar Prakashan _cTextual |
||
| 040 |
_aARTS _cARTS _burd |
||
| 041 |
_2urd _aurd |
||
| 082 | _aO168,3N27x, 152P9 | ||
| 100 |
_aहैदर, क़ुर्रतुलऐन; उपाध्याय, राजेन्द्र, संपा. _9160391 |
||
| 245 | 0 | _aदस प्रतिनिधि कहानियॉं | |
| 246 | _aDas pratinidhi kahāniyaॉan | ||
| 260 |
_aनयी दिल्ली _b किताबघर प्रकाशन _c2009 |
||
| 300 |
_a176पृ0 _ccm. |
||
| 490 | _aदस प्रतिनिधि कहानियॉं सीरीज़ | ||
| 942 |
_hO168,3N27x, 152P9 _cTEXL _2CC |
||
| 999 |
_c299178 _d299178 |
||